000 00681nam a22002297a 4500
003 DO-SdBNP
005 20180221154555.0
008 151012b 2006 mx a 00| 0 spa d
020 _a9789707704305
040 _aBPMSU
_bspa
_cBPMSU
082 4 _axxxxxx
_bxxxxxx
100 1 _aBasch, Adela
245 1 0 _aColón agarra viaje a toda costa /
_cAdela Basch ; ilustraciones Ricardo Fuhrmann
260 _aMéxico :
_bSantillana,
_c2006
300 _a89 p. :
_bil. ;
_c20 cm.
490 1 _aAlfaguara infantil
700 1 2 _aFuhrmann, Ricardo,
_eil.
830 0 _aAlfaguara infantil
942 _2ddc
_cBK
945 _aInventariado, 2018 / BT
956 _aBTAVAREZ
_b10
_dBPMSU
_f20151012
_h0038
999 _c8361
_d8361